000 01375cam a22002294a 4500
005 20250605164111.0
008 250528s ||||||||||||||||||||||||d
035 _a17886
020 _a9780749483876
040 _aGR-AtMCL
_bgre
_dGR-AtMCL
_eAACR2
245 1 _aResearch Methods in Human Resource Management / Investigating a Business Issue
250 _a4th
260 _bKogan Page,
_c2020
300 _a482
520 _aThe context of this book provides clear and exemplary guidance on all aspects of doing a research project, as well as a wealth of pedagogical features to support learning and teaching. List of Figures and Tables, Investigating and Researching HR Issues, First Stages Towards an HR Project, Finding and Reviewing HR Literature and Information Sources, Ethics and Professionalism and Standards and HR Research, Planning the Research Process, Finding and Using Documents and Organizational Evidence, Collecting and Recording Qualitative Data, Analyzing Qualitative Data, Collecting and Recording Quantitative Data, Analyzing Quantitative Data, Writing up your Project and Making Recommendations, Making an Impact: The Relationship Between Research and Practice, Glossary, Index.
700 1 _aAnderson Valerie
_94179
700 1 _aFontinha Rita
_94180
700 1 _aRobson Fiona
_94181
942 _cBK
999 _c3285
_d3285